| 000 | 01421cam a22003857a 4500 | ||
|---|---|---|---|
| 003 | CHAP | ||
| 005 | 20220329141350.0 | ||
| 008 | 971013s1981 r 00010 d | ||
| 010 | _a67105 | ||
| 011 | _a68077 | ||
| 035 | _a77549 | ||
| 040 | _cCHAP | ||
| 090 | _aTesis | ||
| 100 | 0 | 0 |
_aBurgos Orrego, Sergio Vinicio. _916173 |
| 245 | 0 | _aDeterminación de rangos óptimos de N, K, Ca. y Mg en suelos ácidos de Morales Izabal para producción de arroz (Oryza sativa, Variedad Le - Bonnett) | |
| 260 |
_aGuatemala : _bEl autor, _c1981 |
||
| 300 |
_a45 p. _b: gráfs. |
||
| 502 | _aTesis (Ing. Agrónomo Universidad de San Carlos de Guatemala. Facultad de Agronomía | ||
| 590 |
_aALEPH _b10 _c20130110 _lUCH01 _h1401 |
||
| 590 |
_aBATCH-UPD _b10 _c20130110 _lUCH01 _h0011 |
||
| 590 |
_aBATCH-UPD _b10 _c20130110 _lUCH01 _h0509 |
||
| 590 |
_aBATCH-UPD _b10 _c20130110 _lUCH01 _h2251 |
||
| 590 |
_aBATCH-UPD _b10 _c20130409 _lUCH01 _h1948 |
||
| 590 |
_aBATCH-UPD _b10 _c20130914 _lUCH01 _h0756 |
||
| 590 |
_aCONVERSION _b10 _c20130109 _lUCH01 _h1337 |
||
| 650 | 1 | 4 |
_aCalcio _xEfecto en plantas. _917337 |
| 650 | 1 | 4 |
_aMagnesio _xEfecto en plantas. _969851 |
| 650 | 1 | 4 |
_aNitrógeno _xEfecto en arroz. _981409 |
| 650 | 1 | 4 |
_aPotasio _xEfecto en arroz. _991089 |
| 650 | 1 | 4 |
_aSuelos arenosos. _9110535 |
| 650 | 1 | 4 |
_aSuelos _xAcidez. _9110192 |
| 901 | _aBK | ||
| 942 | _cTESIS | ||
| 949 |
_bBC _cTES _d-30419 _eTS1 _fA.-20625 I.-C/E _i77549 _si |
||
| 999 |
_c67105 _d67105 |
||